| 000 -LEADER |
| fixed length control field |
00638cam a2200217 a 4500 |
| 020 ## - INTERNATIONAL STANDARD BOOK NUMBER |
| ISBN |
9780299284848 (pbk. : alk. paper) |
| 020 ## - INTERNATIONAL STANDARD BOOK NUMBER |
| ISBN |
0299284840 (pbk. : alk. paper) |
| 040 ## - CATALOGING SOURCE |
| Transcribing agency |
DLC |
| 082 00 - DEWEY DECIMAL CLASSIFICATION NUMBER |
| Classification number |
557 ICI 2011 C166 Or. |
| 100 1# - MAIN ENTRY--AUTHOR NAME |
| Personal name |
Mickelson, David M |
| 245 10 - TITLE STATEMENT |
| Title |
Geology of the Ice Age National Scenic Trail / |
| 260 ## - PUBLICATION, DISTRIBUTION, ETC. (IMPRINT) |
| Place of publication |
Madison : |
| Name of publisher |
University of Wisconsin Press, |
| Year of publication |
c2011 |
| 300 ## - PHYSICAL DESCRIPTION |
| Number of Pages |
xii, 395 p. : |
| Other physical details |
col. ill., col. maps ; |
| Dimensions |
26 cm |
| 650 #0 - SUBJECT ADDED ENTRY--TOPICAL TERM |
| Topical Term |
Geology |
| 650 #0 - SUBJECT ADDED ENTRY--TOPICAL TERM |
| Topical Term |
Geology |
| 650 #0 - SUBJECT ADDED ENTRY--TOPICAL TERM |
| Topical Term |
Glacial landforms |
| 650 #0 - SUBJECT ADDED ENTRY--TOPICAL TERM |
| Topical Term |
Glacial landforms |
| 700 1# - ADDED ENTRY--PERSONAL NAME |
| Personal name |
Maher, Louis J. |
| 700 1# - ADDED ENTRY--PERSONAL NAME |
| Personal name |
Simpson, Susan L |
| 942 ## - ADDED ENTRY ELEMENTS (KOHA) |
| Koha item type |
ADB |
| 952 ## - LOCATION AND ITEM INFORMATION (KOHA) |
| Withdrawn status [LOCAL, KOHA] |
0 |